Špekulanti vďaka NBS nepochodili
Riaditeľka úseku dealingovej divízie Treasury Slovenskej sporiteľne Mgr. Anna Glasová o niektorých príčinách pohybu na českom a slovenskom peňažnom a devízovom trhu v posledných týždňoch.
Salvato in:
| Autore principale: | |
|---|---|
| Altri autori: | |
| Natura: | Capitolo di libro |
| Lingua: | slovacco |
| Soggetti: | |
| Tags: |
Nessun Tag, puoi essere il primo ad aggiungerne!!
|
MARC
| LEADER | 00000naa a2200000 4500 | ||
|---|---|---|---|
| 001 | r026839 | ||
| 005 | 20230824090149.2 | ||
| 041 | 0 | |a slo | |
| 044 | |a SK | ||
| 245 | 1 | 0 | |a Špekulanti vďaka NBS nepochodili |c A. Glasová, A. Legéň |
| 520 | |a Riaditeľka úseku dealingovej divízie Treasury Slovenskej sporiteľne Mgr. Anna Glasová o niektorých príčinách pohybu na českom a slovenskom peňažnom a devízovom trhu v posledných týždňoch. | ||
| 610 | 2 | 0 | |a Slovensko |
| 610 | 2 | 0 | |a 1997 |
| 610 | 2 | 0 | |a kurz menový |
| 610 | 2 | 0 | |a NBS Bratislava |
| 610 | 2 | 0 | |a stabilita meny |
| 610 | 2 | 0 | |a trh peňažný |
| 100 | 1 | |a Glasová, A. | |
| 700 | 1 | |a Legéň, A. | |